logo

Bir Sreshtho Munshi Abdur Rouf Library
Jhenaidah Cadet College

অর্থনীতি দ্বিতীয় পত্র একাদশ-দ্বাদশ শ্রেণী / (Record no. 11440)

MARC details
000 -LEADER
fixed length control field 00836nam a2200229 a 4500
001 - CONTROL NUMBER
JCCL Control Number 11440
003 - CONTROL NUMBER IDENTIFIER
JCCL marc code BD-JhCC
005 - DATE AND TIME OF LATEST TRANSACTION
control field 20221018134024.0
008 - FIXED-LENGTH DATA ELEMENTS--GENERAL INFORMATION
fixed length control field 190916s20142019bg |||| ||a| 000 0 ben d
035 ## - SYSTEM CONTROL NUMBER
system control number (BD-JhCC)11440
040 ## - CATALOGING SOURCE
Original cataloging agency BD-JhCC
Modifying agency BD-JhCC
041 ## - LANGUAGE CODE
Language code of Book ben
082 ## - DEWEY DECIMAL CLASSIFICATION NUMBER
Classification number 330
Author mark and Year SOH 2019
100 ## - MAIN ENTRY--PERSONAL NAME
Personal name সোহরাওয়ার্দী, মো:
245 ## - TITLE STATEMENT
Title অর্থনীতি দ্বিতীয় পত্র একাদশ-দ্বাদশ শ্রেণী /
Statement of responsibility, etc মো: সোহরাওয়ার্দী, দিলারা আরজু ।
260 ## - PUBLICATION, DISTRIBUTION, ETC. (IMPRINT)
Place of publication, distribution, etc ঢাকা :
Name of publisher, distributor, etc অক্ষর পত্র প্রকাশনী,
Date of publication, distribution, etc ২০১৯.
300 ## - PHYSICAL DESCRIPTION
Pagination 496 p. :
Dimensions 23 cm.
650 ## - SUBJECT ADDED ENTRY--TOPICAL TERM
Topical term or geographic name as entry element Economics
700 ## - ADDED ENTRY--PERSONAL NAME
Personal name আরজু ,দিলারা
942 ## - ADDED ENTRY ELEMENTS (KOHA)
Source of classification or shelving scheme Dewey Decimal Classification
Koha item type Books
Koha issues (borrowed), all copies 8
Holdings
Source of classification or shelving scheme Damaged status Not for loan Home library Current library Shelving location Date of accession Cost, normal purchase price Total Checkouts Full call number Barcode Date last seen Date checked out Copy number Koha item type Checked out
Dewey Decimal Classification     JCC Rouf Library JCC Rouf Library General Stacks 09/16/2019 191.00 2 330 SOH 2019 15647 06/06/2024 11/08/2023 C-1 Books  
Dewey Decimal Classification     JCC Rouf Library JCC Rouf Library General Stacks 09/16/2019 191.00 4 330 SOH 2019 15648 08/17/2025 08/17/2025 C-2 Books 09/10/2025
Dewey Decimal Classification     JCC Rouf Library JCC Rouf Library General Stacks 09/16/2019 191.00 4 330 SOH 2019 15649 12/09/2025 01/22/2025 C-3 Books  

JCC Library | Contacts | JCC Home

Last Update on 23 September 2017
Copyright @ 2017-2020 JCC Rouf Library
Rouf Library, Jhenidah Cadet College (JCC), Bangladesh